|
|
|
|
| LEADER |
00810nab#a2200289#ar4500 |
| 001 |
000117821 |
| 003 |
SVKKK |
| 005 |
20160822095531.0 |
| 008 |
090619c2015 xr |||||||||||||||b|cze |
| FMT |
|
|
|
| 038 |
|
|
|a SVKKK
|
| 040 |
|
|
|a SVKKK
|b slo
|e AACR2
|
| 041 |
0 |
|
|a cze
|
| 044 |
|
|
|a xr
|c CZ
|
| 080 |
|
|
|a 621.74:061.2
|2 2011
|
| 100 |
1 |
|
|a Hlavinka, Josef
|4 aut
|
| 245 |
1 |
0 |
|a Novinky ze Svazu sléváren ČR
|c Josef Hlavinka
|
| 300 |
|
|
|b Fotogr.
|
| 610 |
2 |
4 |
|a Svaz sléváren České republiky (Brno, Česko)
|x činnosť
|x aktivity
|x správy
|
| 650 |
0 |
4 |
|a zlievarenstvo
|
| 773 |
0 |
|
|t Slévárenství
|g Roč. LXIII, č. 5-6 (2015), s. 202-203
|x 0037-6825
|
| 974 |
|
|
|a MI
|
| 992 |
|
|
|a RBX
|
| BAS |
|
|
|
| 856 |
4 |
1 |
|u http://www.slevarenstvi.svazslevaren.cz/download/5_6-2015.pdf
|
| 852 |
|
|
|a SVKKK
|b BIB
|
| 998 |
|
|
|a HUT
|